Footballers by Picture - France #2 - Statistics

General Stats
  • This quiz has been taken 167 times
  • The average score is 12 of 20
Answer Stats
Picture Answer % Correct
Ousmane Dembélé
91%
Lucas Hernandez
90%
Paul Pogba
90%
Theo Hernandez
90%
Franck Ribéry
89%
Kingsley Coman
83%
Eduardo Camavinga
81%
Mike Maignan
81%
Nicolas Anelka
79%
Blaise Matuidi
76%
Patrice Evra
61%
Dimitri Payet
55%
Robert Pires
50%
Eric Abidal
43%
William Gallas
31%
Florent Malouda
27%
Youri Djorkaeff
25%
Sylvain Wiltord
23%
Willy Sagnol
17%
Manuel Amoros
4%
No matching quizzes found
Score Distribution
Percent of People with Each Score
Percentile by Number Answered
Your Score History
You have not taken this quiz